Statistics for maths time

Click here to take the quiz!

General Stats

  • This quiz has been taken 297 times
  • The average score is 10 of 15

Answer Stats

HintAnswer% Correct
100-991
100%
1x00
99%
1X33
95%
2x24
95%
1+2223
93%
11x666
93%
9+110
89%
owttwo
59%
6+28
54%
11+1122
52%
eleveneleven
51%
sevneseven
49%
xisntteesixteen
44%
oenone
40%
true or false 6+2x4 + 1114
2%

Score Distribution

Percentile by Number Answered

Percent of People with Each Score

Your Score History

You have not taken this quiz